Nghiên cứu tổng hợp dẫn xuất 4-hydroxy-6,8-dimethoxy-2-naphthamide : Luận văn tốt nghiệp Cao học. Chuyên ngành Hóa hữu cơ

Đề tài nghiên cứu nhằm tìm ra nhóm chất mới chứa khung sườn naphthalene có tiềm năng về hoạt tính sinh học ứng dụng trong y học.

Bewaard in:
Bibliografische gegevens
Hoofdauteur: Đường, Huỳnh Lương
Formaat: Boek
Taal:Undetermined
Gepubliceerd in: Cần Thơ Trường Đại Học Cần Thơ 2015
Onderwerpen:
Tags: Voeg label toe
Geen labels, Wees de eerste die dit record labelt!
Thư viện lưu trữ: Trung tâm Học liệu Trường Đại học Cần Thơ
LEADER 01061nam a2200229Ia 4500
001 CTU_205846
008 210402s9999 xx 000 0 und d
082 |a 547.2 
082 |b L561 
088 |a 60440114 
100 |a Đường, Huỳnh Lương 
245 0 |a Nghiên cứu tổng hợp dẫn xuất 4-hydroxy-6,8-dimethoxy-2-naphthamide : 
245 0 |b Luận văn tốt nghiệp Cao học. Chuyên ngành Hóa hữu cơ 
245 0 |c Đường Huỳnh Lương ; Bùi Thị Bửu Huê (Cán bộ hướng dẫn) 
260 |a Cần Thơ 
260 |b Trường Đại Học Cần Thơ 
260 |c 2015 
520 |a Đề tài nghiên cứu nhằm tìm ra nhóm chất mới chứa khung sườn naphthalene có tiềm năng về hoạt tính sinh học ứng dụng trong y học. 
650 |a Hợp chất hữu cơ,Organic compounds 
650 |x Tổng hợp,Synthesis 
904 |i Hải 
980 |a Trung tâm Học liệu Trường Đại học Cần Thơ